Normal view
MARC view
- Münch Galindo, Lourdes
Entry Nombre Personal
001 - NUMERO DE CONTROL
- campo de control: 29564
003 - IDENTIFICADOR DE NUMERO DE CONTROL
- campo de control: DLC
005 - FECHA Y HORA DE LA ÜLTIMA TRANSACCIÓN
- campo de control: 20230131100549.0
008 - DATOS DE LONGITUD FIJA
- campo de control de longitud fija: 230131n| azannaabn |a aaa c
010 ## - NÚMERO DE CONTROL DE LA BIBLIOTECA DEL CONGRESO
- Número de control LC: no2005006815
- Número de Control LC Cancelado/inválido: ns2015004045
035 ## - NUMERO DE CONTROL
- Número de control: (OCoLC)oca06542639
035 ## - NUMERO DE CONTROL
- Número de control: (CaEvSKY)skya7408419
040 ## - FUENTE DE CATALOGACIÓN
- Agencia original de catalogación: MX-SlUA
- Lenguaje de catalogación: spa
- Description conventions: rda
- Agencia de transcripción: MX-SlUA
- Agencia que lo modifica: MX-SlUA
- Agencia que lo modifica: DLC
- Agencia que lo modifica: MX-MxUPN
100 1# - ENCABEZAMIENTO - NOMBRE PERSONAL
- Nombre personal: Münch Galindo, Lourdes
375 ## - GÉNERO
- Gender: Females
- Fuente del término: lcdgt
377 ## - LENGUA ASOCIADA
- Language code: spa
400 1# - VEÁSE - NOMBRE DE PERSONA
- Control subfield: nne
- Personal name: Münch, Lourdes
400 1# - VEÁSE - NOMBRE DE PERSONA
- Personal name: Galindo, Lourdes Münch
670 ## - FUENTE EN LA QUE SE LOCALIZARON DATOS
- Cita de la fuente: Fundamentos de administración, 1990:
- Información localizada: portada (Lourdes Münch Galindo)
670 ## - FUENTE EN LA QUE SE LOCALIZARON DATOS
- Cita de la fuente: Administración del tiempo, 2015:
- Información localizada: portada (Lourdes Münch)
902 ## - CATALOGADOR
- Catalogador: NDAF/310123
